000 00569nam a2200193Ia 4500
005 20250508164856.0
008 008 250505s9999 xx 000 0 eng d
037 _aDissertations
040 _aFEDL
_beng
_cFEDL
041 _aeng
_2eng
084 _a370, KUM/DI
_qFEDL
100 _aKumria Ritu
_9779398
245 0 _aValidation study of the B.Ed. entrance exam.2003 : Descriptive text (English)
260 _c2004
300 _a132p.
546 _aM.Ed. Dissertation (Delhi University)
942 _cDIS
_h370, KUM/DI
999 _c1391736
_d1391736